[Event "COL-ch Superate-A"]
[Site "Bogota"]
[Date "2012.12.08"]
[Round "4.6"]
[White "Arias Paredes, Luis Esteban"]
[Black "Vergara Salcedo, Samuel Eduard"]
[Result "1/2-1/2"]
[WhiteElo "1600"]
[BlackElo "1409"]
[PlyCount "113"]
[EventDate "2012.12.07"]
[EventType "swiss"]
[EventRounds "7"]
[EventCountry "COL"]
[SourceTitle "EXT 2024"]
[Source "ChessBase"]
[SourceDate "2023.10.10"]
[SourceVersion "1"]
[SourceVersionDate "2023.10.10"]
[SourceQuality "1"]

1. d4 Nf6 2. c4 d5 3. Nc3 e6 4. Nf3 Bb4 5. Bg5 Bxc3+ 6. bxc3 h6 7. Bh4 0-0 8. cxd5 exd5 9. h3 Bf5 10. e3 Qd6 11. Bd3 Bxd3 12. Qxd3 Nc6 13. 0-0 Ne4 14. Nd2 Nxd2 15. Qxd2 Na5 16. Bg3 Qe7 17. Qd3 c6 18. Qf5 Qe6 19. Qf3 Nc4 20. Rfd1 b5 21. Qh5 Rfe8 22. Re1 a5 23. a4 bxa4 24. Rxa4 Nb2 25. Ra2 Nc4 26. Rea1 Ra6 27. Qe2 Rea8 28. f3 Qxe3+ 29. Qxe3 Nxe3 30. Kf2 Nc4 31. Ra4 f5 32. Ke2 g6 33. Bf4 h5 34. Bg5 Kf7 35. g4 hxg4 36. hxg4 fxg4 37. fxg4 Nd6 38. Kd3 Ne4 39. Rf1+ Kg7 40. Bf4 Rf8 41. Bh6+ Kxh6 42. Rxf8 Kg5 43. Rg8 Nf2+ 44. Ke2 Nxg4 45. Ra1 Kh6 46. Rg1 Kh7 47. Rxg4 Kxg8 48. Rxg6+ Kf7 49. Rg1 Ke6 50. Kd2 Kf5 51. Re1 Kf4 52. Kc2 Kf3 53. Kb3 Kf2 54. Re8 Kf3 55. Ka4 Kf4 56. Kb3 a4+ 57. Ka3 1/2-1/2

[Event "COL-ch Superate-A"]
[Site "Bogota"]
[Date "2012.12.08"]
[Round "3.1"]
[White "Moreno Lozano, David"]
[Black "Arias Paredes, Luis Esteban"]
[Result "1-0"]
[WhiteElo "1913"]
[BlackElo "1600"]
[PlyCount "51"]
[EventDate "2012.12.07"]
[EventType "swiss"]
[EventRounds "7"]
[EventCountry "COL"]
[SourceTitle "EXT 2024"]
[Source "ChessBase"]
[SourceDate "2023.10.10"]
[SourceVersion "1"]
[SourceVersionDate "2023.10.10"]
[SourceQuality "1"]

1. e4 e5 2. Nf3 Nc6 3. d4 exd4 4. Bc4 Be7 5. 0-0 d6 6. Nxd4 Nxd4 7. Qxd4 Nf6 8. Nc3 0-0 9. Be3 Bg4 10. Bg5 Nd7 11. Bd2 Bg5 12. f4 Be7 13. h3 Bh5 14. g4 d5 15. Qxd5 Nf6 16. Qxd8 Rfxd8 17. Bd3 Nxg4 18. hxg4 Bxg4 19. Kg2 c5 20. Nd5 Bh4 21. c4 Rd7 22. Rh1 Bd8 23. Bc3 Be6 24. Kf3 f6 25. Rag1 Bc7 26. Nxf6+ 1-0